1895 1279 1581 1099 1274 1628 1344 1880 1567 1137 1985 1285 1357 1116 1023 1691 1099 1862 1172 1805 1062 1685 1511 1252 1086 1009 1658 1550 1099 1740 1875 1041 1401 1654 1866 1019 1892 1335 1268 1481 1977 1426 1785 1651 1642 1006 1821 1491 1952 1795 1604 1745 1519 1898 1668 1143 1869 1279 1546 1537 1320 1705 1592 1362 1341 1360 1972 1441 1184 1277 1718 1496 1991 1239 1706 1724 1320 1166 1624 1455 1685 1911 1920 1146 1690 1957 1845 1994 1228 1370 1010 1960 1522 1243 1654 1110 1513 1995 1372 BCNSPRNW ULIB Ver.6.0+V

เปลี่ยนเป็นภาษาไทย

Change to English
 แสดงรายละเอียดบรรณานุกรม
  กลับหน้าหลัก

Brief Record : Get Marc (ISO 2709) : E-mail record : QR code < ปิดหน้าต่าง
LEADER : 00000nam 2200000uu 4500
001    13399125797
003     ULIB
008    170911s2560||||th 000 0 tha d
020    ^a9786164401662
060  4 ^aWW290^bว836
100 0  ^aวีระวัฒน์ คิดดี
245 00 ^aการรักษาต้อหินด้วยเลเซอร์ =^bGlaucoma Laser Treatment /^cวีระวัฒน์ คิดดี
246 31 ^aGlaucoma Laser Treatment
260    ^aสงขลา : ^bภาควิชาจักษุวิทยา คณะแพทยศาสตร์ มหาวิทยาลัยสงขลานครินทร์,^c2560.
300    ^a214 หน้า :^bภาพประกอบ ;^c26 ซม.
500    ^aชื่อเรื่องจากปก
505 0  ^a... การรักษาต้อหินด้วยเลเซอร์ ความรู้พื้นฐานการจำแนกและข้อพิจารณาทางปฎิบัติ (Glaucoma laser treatment basic knowledge classification and practical considerations) ... เลนส์สัมพผัสที่ใช้ในการรักษาต้อหินด้วยเลเซอร์ (Ophthalmic contact lens used in glaucoma laser treatment) ... การรักษาด้วยเลเซอร์ที่ม่านตา (Laser treatment at the iris) ... การรักษาด้วยเลเซอร์ที่ trabecular meshwork (Laser treatment at the trabecular meshwork) ... การรักษาด้วยเลเซอร์ที่ ciliary body (Laser treatment at the ciliary body) ... การรักษาด้วยเลเซอร์หลังผ่าตัดต้อหิน (Laser treatment after glaucome surgery) ... ความปลอดภัยในการใช้เลเซอร์ (Laser safety)
650  2 ^aGlaucoma
650  2 ^aGlaucoma^xsurgery
650  7 ^aต้อหิน
650  7 ^aต้อหิน^xการรักษา
650  7 ^aตา, โรค
650  7 ^aตา^xศัลยกรรม
650  7 ^aต้อหิน^xศัลยกรรม
710 1  ^aมหาวิทยาลัยสงขลานครินทร์.^bคณะแพทยศาสตร์.^bภาควิชาจักษุวิทยา
945    ^p620^l0^i25443
945    ^p620^l0^i25444
945    ^p620^l0^i25445
999    ^aกัณชพร จุลอักษร
รายการนี้ยังไม่มีแท็ก
คุณยังไม่ได้ล็อกอิน คุณสามารถมีกิจกรรมร่วมกับเว็บไซต์ได้ แต่ต้องล็อกอินก่อน ::
  ล็อกอิน

รายการสื่อสารสนเทศ

ลำดับที่ ประเภท เลขเรียก/บาร์โค้ด สถานที่ สถานะ
1. หนังสือสำรอง
หนังสือสำรอง
WW290 ว836 ฉ.1 
  Barcode: 25443
ห้องสมุดวิทยาเขตนครสวรรค์
►หนังสือทั่วไป:l:General Books
บนชั้น
2. วิทยาศาสตร์การแพทย์ และสุขภาพ
วิทยาศาสตร์การแพทย์ และสุขภาพ
WW290 ว836 ฉ.2 
  Barcode: 25444
ห้องสมุดวิทยาเขตนครสวรรค์
►หนังสือทั่วไป:l:General Books
บนชั้น
3. วิทยาศาสตร์การแพทย์ และสุขภาพ
วิทยาศาสตร์การแพทย์ และสุขภาพ
WW290 ว836 ฉ.3 
  Barcode: 25445
ห้องสมุดวิทยาเขตนครสวรรค์
►หนังสือทั่วไป:l:General Books
บนชั้น

รายการใกล้เคียง
    ผู้แต่ง [วีระวัฒน์ คิดดี]

    หัวเรื่อง [Glaucoma]
    หัวเรื่อง [ต้อหิน]
    หัวเรื่อง [ตา, โรค]

BibComment


ยังไม่เคยถูกคอมเมนท์

คอมเมนท์ทรัพยากรรายการนี้
  คอมเมนท์: การรักษาต้อหินด้..


 Copyright 2026. Bcnsprnw @Library